00447 2200181 4500245004000000020002200040250000900062100001500071700003100086700002300117650001600140005001900156260003500175041001400210084000800224300002400232336000900256 aGo Set A WatchmancHarper LeehText a978-602-1637-88-3 a2015 aHarper Lee aBerliani Mantili Nugrahani aTim Redaksi Qanita aNovel Fiksi a20240904131516 aBandungbPenerbit Qanitac2015 aIndonesia a823 a288 hlm. :c20,5 cm atext